Riconete y cortadillo / (Registro nro. 9828)

Detalles MARC
000 -LEADER
fixed length control field 00854nam a2200289 c 4500
001 - CONTROL NUMBER
control field 573723
003 - CONTROL NUMBER IDENTIFIER
control field DO-SdBNP
005 - DATE AND TIME OF LATEST TRANSACTION
control field 20180207130515.0
007 - PHYSICAL DESCRIPTION FIXED FIELD--GENERAL INFORMATION
fixed length control field 573723
008 - FIXED-LENGTH DATA ELEMENTS--GENERAL INFORMATION
fixed length control field 160112q1965 sp a | |||| 000 j spa
035 ## - SYSTEM CONTROL NUMBER
System control number
040 ## - CATALOGING SOURCE
Original cataloging agency BPMSU
Language of cataloging spa
Transcribing agency BPMSU
Description conventions
080 ## - UNIVERSAL DECIMAL CLASSIFICATION NUMBER
Universal Decimal Classification number
100 1# - MAIN ENTRY--PERSONAL NAME
Personal name Cervantes Saavedra, Miguel de,
Dates associated with a name 1547-1616
Relator code
245 10 - TITLE STATEMENT
Title Riconete y cortadillo /
Statement of responsibility, etc. Miguel de Cervantes Saavedra ; edición María Hortensia Lacau
260 ## - PUBLICATION, DISTRIBUTION, ETC. (IMPRINT)
Place of publication, distribution, etc. Buenos Aires :
Name of publisher, distributor, etc. Kapelusz
Date of publication, distribution, etc. 1965
300 ## - PHYSICAL DESCRIPTION
Extent 51 p. :
Other physical details il. ;
Dimensions 19 cm
336 ## - CONTENT TYPE
Content type term
Source
337 ## - MEDIA TYPE
Media type term
Source
490 1# - SERIES STATEMENT
Series statement Grandes obras de la literatura universal
700 12 - ADDED ENTRY--PERSONAL NAME
Personal name Lacau, María Hortensia,
Relator term il.
830 #0 - SERIES ADDED ENTRY--UNIFORM TITLE
Uniform title Grandes obras de la literatura universal
901 ## - LOCAL DATA ELEMENT A, LDA (RLIN)
a
942 ## - ADDED ENTRY ELEMENTS (KOHA)
Source of classification or shelving scheme Dewey Decimal Classification
Koha item type Libros
945 ## - LOCAL PROCESSING INFORMATION (OCLC)
a Inventariado, 2018 /LP
956 ## - LOCAL ELECTRONIC LOCATION AND ACCESS (OCLC)
Host name VMATEO
Access method 10
Materials specified 20160469
Linkage BPMSU
Field link and sequence number 0069
Existencias
Withdrawn status Lost status Source of classification or shelving scheme Damaged status Not for loan Collection code Home library Current library Date acquired Source of acquisition Total Checkouts Barcode Date last seen Price effective from Koha item type
    Dewey Decimal Classification     Colección General Biblioteca Pública Metropolitana Salomé Ureña Biblioteca Pública Metropolitana Salomé Ureña 04/18/2016 FUNDI   BPMSU16040521 04/18/2016 04/18/2016 Libros